| 000 | 00676nam a22002297a 4500 | ||
|---|---|---|---|
| 005 | 20260423155230.0 | ||
| 008 | 260423b |||||||| |||| 00| 0 eng d | ||
| 020 |
_a978-0-367-34464-1 _cRs.2990.11 |
||
| 040 | _aLoreto College | ||
| 041 | _aEnglish | ||
| 082 |
_a371.102 _bWHI |
||
| 100 | _aWhitaker,Todd | ||
| 245 |
_aWhat great teachers do differently _bNineteen things that matter most _cTodd whitaker |
||
| 250 | _a3rd ed. | ||
| 260 |
_aNew York _b Routledge _c2020 |
||
| 300 | _axviii,130p.;23cm. | ||
| 504 | _aIncludes references | ||
| 650 | _aEducation_B.Ed. | ||
| 650 | _aTeaching strategies | ||
| 850 | _aLCBED | ||
| 942 | _cBK | ||
| 999 |
_c44349 _d94828 |
||